Traditions des pays par lettre A - Statistiques

Statistiques générales
  • Ce quiz a été pris 10 fois
  • Le résultat moyen est 1 sur 14
Statistiques - réponses
Hint Réponse % Correct
Allemagne Oktoberfest
44%
Argentine Tango
44%
Autriche L'opéra
22%
Afrique du sud Braai
11%
Afghanistan Bacha bazic
0%
Angola Carnaval d'Ndembu
0%
Albanie Hajde
0%
Arménie L'Ascencion
0%
Australie Le 'barbie'
0%
Andorre L'Escudella de Sant Antoniors
0%
Arabie Saudite Poésie bédouine de Nabati
0%
Antigua-et-Barbuda Régates
0%
Azerbaïjan Salut National du 9 mai qui annonce l'arrivée au pouvoir de Heydar Aliyev
0%
Algérie Témoignages de Tassili n'Ajjer
0%
Aucun quiz correspondant
Distribution des résultats
% des personnes avec chaque résultat
Percentile par nombre de réponses
Votre historique - résultats
Vous n’avez pas pris ce quiz